A Impressão (Registo nº 4411)

Detalhes MARC
000 -Etiqueta do registo
Cabeçalho 00418nam a2200181 4500
005 - Identificador da versão
Campo de controlo 20240813122100.0
100 ## - Dados gerais de processamento
Dados gerais de processamento 20110504d1979 d y0pory5003 ba
102 ## - Pais de publicação ou produção
País de publicação Portugal
101 0# - Língua de publicação
Língua do texto, banda sonora, etc. Português
Língua do documento no original Inglês
215 ## - Descrição física 
Indicação específica da natureza do documento e extensão da espécie 63 p
200 1# - Titulo e menção de responsabilidade
Título próprio A Impressão
Primeira menção de responsabilidade Rosemary Simmons
225 1# - Colecção 
Título próprio da colecção arte em sua casa
210 ## - Publicação, Distribuição, etc. 
Lugar da edição, distribuição, etc. Queluz
Nome do editor, distribuidor, etc. Celditor
Data da publicação, distribuição, etc. 1979
700 #1 - Nome de autor-pessoa física (responsabilidade principal)
Número de registo de entrada de autoridade 0001244
Palavra de ordem Simmons
Outra parte do nome não tomada para palavra de ordem Rosemary
942 ## - Elementos de entrada adicionados (Koha)
Tipo de item no Koha Livro
Exemplares
Situação do levantamento Origin of item (home branch) (coded) Biblioteca de empréstimo Código de barras Cota Circulation type (not for loan) Tipo de documento Nota do exemplar Damaged status
  Biblioteca Escolar das Vendas Biblioteca Escolar das Vendas BEV779 7TMA ART   Livro Sem mensagem